Diseño e implementación de una etapa de potencia para regulación de iluminación LED
Guardado en:
| Hovedforfatter: | |
|---|---|
| Andre forfattere: | |
| Format: | Bog |
| Sprog: | Spanish |
| Udgivet: |
[San José], Costa Rica
2015
|
| Fag: | |
| Tags: |
Tilføj Tag
Ingen Tags, Vær først til at tagge denne postø!
|
MARC
| LEADER | 00000nam a22000007a 4500 | ||
|---|---|---|---|
| 003 | 012425 | ||
| 005 | 20230913143302.0 | ||
| 008 | 160719b201 cr a|||| |||| 00| ||spa d | ||
| 040 | |c cru CEDI | ||
| 090 | |a TFG 7583 | ||
| 100 | |9 5248 |a Herrera Quesada, Fabián | ||
| 245 | |a Diseño e implementación de una etapa de potencia para regulación de iluminación LED | ||
| 260 | |a [San José], Costa Rica |c 2015 | ||
| 300 | |a Xiii, 131 hojas; ilustraciones | ||
| 500 | |a Proyecto de graduación (bachillerato en ingeniería eléctrica)--Universidad de Costa Rica. Facultad de Ingeniería. Escuela de Ingeniería Eléctrica | ||
| 501 | |a Profesor Guía de IE-0499 Proyecto Eléctrico: Ing. Gustavo Núñez Segura | ||
| 650 | |x CORRIENTES ELECTRICAS |x ELECTRONICA DE POTENCIA |x ELECTRICIDAD - APARATOS E INSTRUMENTOS |x CIRCUITOS ELECTRICOS - DISEÑO |x DIODOS EMISORES DE LUZ |9 5249 | ||
| 700 | |9 918 |a Núñez Segura, Gustavo, 1990- |d Director de Proyecto Eléctrico | ||
| 942 | |c CEDI | ||
| 999 | |c 17006 |d 17006 | ||
